000 01559nam a22002537a 4500
999 _c58523
_d58523
003 Ge_BSU
005 20220520110734.0
008 220520s2018ge xxu||||| |||| 00| 0 geo d
020 _a9789941488061
041 _ageo
080 _a581.2 (075.8) შ-18
100 _aშაინიძე,ოთარ
_913793
245 _aზოგადი ფიტოპათოლოგია : General Phytopatology
_b[სახელმძღვანელო] /
_cოთარ შაინიძე, რედ. გურამ ალექსიძე.
264 _aბათუმი :
_bბათუმის შოთა რუსთაველის სახელმწიფო უნივერსიტეტი,
_c2018.
300 _a378 გვ.:
_bილ ;
_c24 სმ.
500 _aპირობითი აღნიშვნის შემოკლებითი ტერმინები გვ:366-368 ლათინური სახელწოდების საძიებელი გვ: 369-378
504 _aბიბლიოგრაფ.გვ: 364-365
520 _aრეზიუმე ქართულ და ინგლისურ ენებზე
653 _aბოტანიკა
653 _aმცენარეები
700 _aალექსიძე, გურამ
_eრედაქტორი
_97983
710 _aბათუმის შოთა რუსთაველის სახელმწიფო უნივერსიტეტი
_913795
942 _2udc
_cBK